| 000 | 01245nam a22003251c 4500 | ||
|---|---|---|---|
| 001 | a987681146 | ||
| 008 | 161209s2016 gw |||| 000u eng d | ||
| 020 |
_a9783035610093 _a978-303-561-0109 _9978-303-561-0093 |
||
| 041 | _aeng | ||
| 245 | 0 | 0 |
_aMotherland and progress : _bHungarian architecture and design 1800-1900 / _cJózsef Sisa (ed.) |
| 246 | 1 | 0 | _aPrint version: Motherland and progress : Hungarian architecture and design 1800-1900. Basel, Switzerland : Birkhäuser, c2016 996 pages 9783035610093 |
| 264 |
_aBasel, Switzerland : _bBirkhäuser, _c2016 |
||
| 300 | _a1 online resource (996 pages) | ||
| 336 |
_aText _btxt _2rdacontent |
||
| 337 |
_aComputermedien _bc _2rdamedia |
||
| 338 |
_aOnline-Ressource _bcr _2rdacarrier |
||
| 500 | _aE-Book-ProQuest / Fernzugriff nach Registrierung möglich | ||
| 500 | _aIncludes bibliographical references and indexes | ||
| 648 | 0 | _a1800-1900 | |
| 650 | 0 | _aArchitektur | |
| 650 | 0 | _aDesign | |
| 651 | 0 | _aUngarn | |
| 655 | 0 | _aAufsatzsammlung | |
| 655 | 0 | _aFernzugriff | |
| 700 | 1 |
_aSisa, József _eHerausgeberIn |
|
| 856 | 4 | _uhttp://ebookcentral.proquest.com/lib/maxweberstiftung-ebooks/detail.action?docID=4718366 | |
| 942 | _cEB | ||
| 040 | _cRU-10907106 | ||
| 003 | RU-10907106 | ||
| 999 |
_c53120 _d53120 |
||